000 00949nam a2200265Ia 4500
003 OSt
005 20220923211559.0
006 a|||||r|||| 00| 0
007 ta
008 220922b |||||||| |||| 00| 0 hin d
020 _a9789386554048 (pbk)
_c80
024 _a327,320
037 _b339, 10/02/2018, Eastern Book Linkers
_cTextual
040 _aARTS
_cARTS
_bhin
041 _2hin
_ahin
082 _aR65,6:g, Q7
100 _aकालिया, दीपक, ले.
245 0 _aगीता में आत्मप्रबन्धन
246 _aGītā mean ātmaprabandhana
260 _aवाराणसी
_b चौखम्बा सुरभारती प्रकाशन
_c2017
300 _a86पृ.
_ccm.
650 _aभगवत् गीता
942 _hR65,6:g, Q7
_cTEXL
_2CC
999 _c300993
_d300993